Biostatistical methods (Record no. 116670)

MARC details
000 -LEADER
fixed length control field 00643nam a2200217Ia 4500
008 - FIXED-LENGTH DATA ELEMENTS--GENERAL INFORMATION
fixed length control field 191130s2002##################000#0#eng##
020 ## - INTERNATIONAL STANDARD BOOK NUMBER
ISBN 9788184893113
082 ## - DEWEY DECIMAL CLASSIFICATION NUMBER
Classification number 570/.15195 LOO
245 ## - TITLE STATEMENT
Title Biostatistical methods
Statement of responsibility, etc edited by Stephen W. Looney
260 ## - PUBLICATION, DISTRIBUTION, ETC. (IMPRINT)
Place of publication Totowa, NJ
Name of publisher Humana Press
Year of publication 2002
300 ## - PHYSICAL DESCRIPTION
Number of Pages xii, 214 p. : ill. (some col.) ; 24 cm
500 ## - GENERAL NOTE
General note Includes bibliographical references and index
650 ## - SUBJECT ADDED ENTRY--TOPICAL TERM
Topical Term Biometry
Topical Term Molecular biology
700 ## - ADDED ENTRY--PERSONAL NAME
Personal name Looney, Stephen W
991 ## -
-- 214944
Holdings
Withdrawn status Lost status Damaged status Not for loan Home library Current library Shelving location Date acquired Full call number Accession Number Price effective from Koha item type
        Anna Centenary Library Anna Centenary Library 5TH FLOOR, A WING 12.10.2020 570.15195 LOO 325221 12.10.2020 English Books

Find us on the map